Les 20 jeux de sociétés les plus connus dans le monde - Statistiques

Statistiques générales
  • Ce quiz a été pris 176 fois
  • Le résultat moyen est 6 sur 20
Statistiques - réponses
Réponse % Correct
1 Monopoly
97%
6 Uno
73%
5 Cluedo
53%
14 La Bonne Paye
49%
3 Echecs
48%
4 Dames
44%
2 Scrabble
35%
18 Les Petits-Chevaux
32%
9 Puissance 4
29%
7 Trivial Poursuit
27%
20 Yams
19%
17 Skyjo
17%
12 Docteur Maboul
13%
10 Loups-Garous
13%
16 Jungle Speed
12%
15 Time's Up
10%
13 Twister
7%
19 Rummikub
6%
11 Jenga
5%
8 Pictionary
5%
Aucun quiz correspondant
Distribution des résultats
% des personnes avec chaque résultat
Percentile par nombre de réponses
Votre historique - résultats
Vous n’avez pas pris ce quiz